Responses for Show #1346 - Monday, June 11, 1990

Contestants

[<< previous game]

David Nixon, a personnel supervisor from San Antonio, Texas

Stuart Nulman, a newspaper editor and columnist from Saint-Laurent, Montreal

Russ Harris, a writer originally from Lincoln, Nebraska (whose 1-day cash winnings total $9,300)

[next game >>]

Jeopardy! Round responses

"P"s & "Q"s
FAIRY TALES
JAPAN
FOOD
COWBOYS
INDIANS
    $100 21
quilts

David
    $100 6
mouse

Triple Stumper
    $100 1
Nippon

Russ
    $100 16
strawberry, vanilla & chocolate

Stuart
    $100 10
gun

Russ
    $100 11
Sitting Bull

Stuart
    $200 22
party

David
    $200 7
the wolf

David
    $200 2
Toyota

Russ
    $200 26
(Russ: What are Tootsie Rolls?)

Life Savers

RussStuart
    $200 17
pommel

Russ
    $200 12
(David: Who are their enemies?)
(Alex: Be more specific.)

the white men

David
    $300 23
Quint

Russ
    $300 8
the stepmother

David
    $500 3
(Alex: That's why it's called the Chrysanthemum Throne.)

chrysanthemum

Russ
    $300 27
borscht

Russ
    $300 18
bunkhouse

Russ
    $300 13
(Stuart: Who were the Hopi?)

the Navajo

StuartDavid
    $400 24
passion play

David
    $400 9
"Sleeping Beauty"

Stuart
    $400 4
Sapporo

Russ
    $400 30
rye

Russ
    $400 19
chuckwagon

David
    $400 14
Powhatan

Triple Stumper
    $500 25
quiver & quaver

Triple Stumper
    $500 28
"Jack and the Beanstalk"

Stuart
    $500 5
Lockheed

Russ
    $500 29
plantain

Russ
    $500 20
prostitutes

Russ
    $500 15
totem

Russ

Scores at the first commercial break (after clue 13):

Russ Stuart David
$1,800 $200 $1,000

Scores at the end of the Jeopardy! Round:

Russ Stuart David
$4,600 $1,000 $2,100

Double Jeopardy! Round responses

PRESIDENTIAL NICKNAMES
ART
AVIATION FIRSTS
COMPOSERS
U.S. GEOGRAPHY
AGATHA CHRISTIE
    $200 1
George Washington

Stuart
    $200 24
the "Mona Lisa"

David
    $200 6
Wilbur Wright

Russ
    $200 21
Johannes Brahms

David
    $200 7
California

Russ
    $200 12
"Murder on the Orient Express"

Russ
    $400 2
Thomas Jefferson

David
    $400 27
Russia

Stuart
    $400 15
Lufthansa

David
    $400 22
astronomy

David
    $400 8
North Carolina

David
    $400 13
The Mousetrap

Stuart
    $600 3
Andrew Jackson

Stuart
    $600 28
landscapes

Russ
    $600 16
Great Britain

David
    $600 23
Anne Boleyn

Russ
    $600 9
Louisiana

Russ
    $600 14
"Death on the Nile"

David
    $800 4
Theodore Roosevelt

David
    $3,500 29
"Guernica"

Russ
    $800 17
Wiley Post

David
    $1,000 25
Edward Elgar

David
    $800 10
Norfolk

Triple Stumper
    $800 19
Miss Marple

Stuart
    $1000 5
Ulysses S. Grant

David
    $1000 30
(Russ: Who is Marie Cassatt?)
...
(Alex: I had to penalize you there, Russ, because, as you know, on Jeopardy!, if you give me the last name, that's sufficient during the regular play of the game, but if you add a first name and the first name is incorrect, then we have to rule against you. Her name is [*], not Marie.)

Mary Cassatt

Russ
Triple Stumper
    $1000 18
zeppelin (or dirigible)

Stuart
    $1000 26
Claude Debussy

David
    $1000 11
John Wesley Powell

Russ
    $1000 20
Witness for the Prosecution

David

Scores at the end of the Double Jeopardy! Round:

Russ Stuart David
$10,500 $4,400 $10,900

[wagering suggestions for these scores]

Final Jeopardy! Round responses

MINERALS
(Alex: [To Stuart] Sorry, you missed one of them.)
StuartWhat are South Africa and India?
$1,400
RussWhat are S. Africa & Canada USSR?
$10,498
DavidWhat are S. Africa & USSR
$10,900
South Africa & USSR

Final scores:

Russ Stuart David
$20,998 $3,000 $21,800
2nd place: Dresher brass bed + Cicena Art-Deco radio 3rd place: Magnavox bar code/ remote control VCR + Nintendo Entertainment System featuring the Family & Junior Editions of Jeopardy! & Wheel of Fortune New champion: $21,800

Game dynamics:

Coryat scores:

Russ Stuart David
$7,600 $4,400 $10,700
22 R
(including 2 DDs),
2 W
11 R,
1 W
22 R
(including 1 DD),
0 W

Combined Coryat: $22,700

[game clues] [game scores] [suggest correction]

Game tape date: 1990-02-05
The J! Archive is created by fans, for fans. Scraping, republication, monetization, and malicious use prohibited; this site may use cookies and collect identifying information. See terms. The Jeopardy! game show and all elements thereof, including but not limited to copyright and trademark thereto, are the property of Jeopardy Productions, Inc. and are protected under law. This website is not affiliated with, sponsored by, or operated by Jeopardy Productions, Inc. Join the discussion at JBoard.tv.